[Event "V Open Basso Veronese"]
[Site "Casaleone ITA"]
[Date "2012.05.??"]
[Round "2"]
[White "Spano, Alfredo"]
[Black "Guerra, Alessandro"]
[Result "1/2-1/2"]
[WhiteElo "1821"]
[BlackElo "2159"]
[PlyCount "75"]
[EventDate "2012.05.19"]

1. c4 e5 2. g3 Nf6 3. Bg2 Bc5 4. Nc3 O-O 5. Nf3 e4 6. Ng5 Bxf2+ 7. Kxf2 Ng4+ 8.
Kg1 Qxg5 9. Nxe4 Qg6 10. h3 Ne5 11. Qb3 Nbc6 12. Kh2 b6 13. Qc3 f5 14. d4 fxe4
15. dxe5 Bb7 16. Bf4 Rae8 17. Rad1 Rf7 18. Rhf1 Nd8 19. Be3 Rxf1 20. Bxf1 Bc8
21. c5 Nc6 22. cxb6 axb6 23. Bf4 Kh8 24. b4 Qf5 25. b5 Nxe5 26. Qxc7 Ng6 27. e3
Nxf4 28. gxf4 Qf6 29. Rd6 Qb2+ 30. Bg2 g5 31. Qxb6 gxf4 32. Qd4+ Qxd4 33. Rxd4
fxe3 34. Kg1 Rg8 35. Rxe4 Rxg2+ 36. Kf1 Rxa2 37. Re8+ Kg7 38. Rxc8 1/2-1/2

[Event "V Open Basso Veronese"]
[Site "Casaleone ITA"]
[Date "2012.05.??"]
[Round "2"]
[White "Tissino, Tiziano"]
[Black "Jirillo, Antonio"]
[Result "0-1"]
[WhiteElo "1779"]
[BlackElo "1664"]
[PlyCount "46"]
[EventDate "2012.05.19"]

1. e4 d6 2. d4 Nf6 3. Bd3 g6 4. b3 Bg7 5. Bb2 O-O 6. h3 Nbd7 7. c4 b6 8. Ne2
Bb7 9. Nd2 e5 10. d5 a5 11. O-O Nc5 12. Bc2 Bc8 13. Nc3 Bd7 14. Bc1 Nh5 15. Kh2
Nf4 16. Nf3 Qf6 17. Ng1 g5 18. f3 h5 19. g3 Ng6 20. Qd2 Bh6 21. h4 gxh4 22.
Qxh6 hxg3+ 23. Kg2 Qh4 0-1

[Event "V Open Basso Veronese"]
[Site "Casaleone ITA"]
[Date "2012.05.??"]
[Round "3"]
[White "Adami, Alessandro"]
[Black "Paler, Adrian"]
[Result "0-1"]
[WhiteElo "1741"]
[BlackElo "1901"]
[PlyCount "132"]
[EventDate "2012.05.19"]

1. e4 c5 2. Nc3 Nc6 3. g3 g6 4. Bg2 Bg7 5. d3 d6 6. Be3 Nf6 7. h3 Qa5 8. Qd2
Nd4 9. Nge2 e5 10. O-O Bxh3 11. f3 Be6 12. Rfc1 O-O 13. Bh6 Nxe2+ 14. Nxe2 Qxd2
15. Bxd2 d5 16. Nc3 dxe4 17. dxe4 Rfd8 18. Be3 b6 19. Rd1 h6 20. Bf1 g5 21. Nb5
Bd7 22. Nc7 Rac8 23. Nd5 Nxd5 24. Rxd5 Bc6 25. Rxd8+ Rxd8 26. Be2 g4 27. Kf2
gxf3 28. Bxf3 Rd6 29. Ke2 Kh7 30. Rh1 f5 31. exf5 e4 32. Bh5 Bb5+ 33. Kf2 Bd4
34. Rd1 Kg7 35. c3 Be5 36. Rxd6 Bxd6 37. Bd1 Kf6 38. g4 h5 39. gxh5 Kxf5 40.
Kg2 Be8 41. Be2 Bf7 42. a3 Bf4 43. Kf2 Bg8 44. Bd1 Bf7 45. Be2 Be5 46. Kg2 Bf6
47. Kg3 Bg5 48. Bxg5 Kxg5 49. Bd1 Be6 50. Be2 Bb3 51. Bg4 Bc2 52. Be2 Bd3 53.
Bxd3 exd3 54. Kf3 c4 55. a4 a6 56. Ke3 b5 57. b3 Kxh5 58. axb5 axb5 59. bxc4
bxc4 60. Kf3 Kg5 61. Ke3 Kf5 62. Kf3 Ke5 63. Ke3 Kd5 64. Kf3 Kc5 65. Ke3 Kb5
66. Kd2 Ka4 0-1

[Event "V Open Basso Veronese"]
[Site "Casaleone ITA"]
[Date "2012.05.??"]
[Round "3"]
[White "Adami, Antonio"]
[Black "Macalello, Angelo"]
[Result "1/2-1/2"]
[WhiteElo "1717"]
[BlackElo "1737"]
[PlyCount "52"]
[EventDate "2012.05.19"]

1. e4 e5 2. d4 exd4 3. Qxd4 Nc6 4. Qe3 Nf6 5. Nc3 d6 6. Bd2 Be7 7. O-O-O O-O 8.
f4 Ng4 9. Qe1 Bd7 10. h3 Nf6 11. g4 h6 12. Nf3 Re8 13. g5 hxg5 14. fxg5 Nh7 15.
Qg3 Ne5 16. Nxe5 dxe5 17. h4 Be6 18. Bf4 exf4 19. Qxf4 Bxg5 20. hxg5 Qxg5 21.
Qxg5 Nxg5 22. Bg2 c6 23. Rh4 g6 24. Rdh1 Kg7 25. Kd2 Rad8+ 26. Ke3 Bc8 1/2-1/2

[Event "V Open Basso Veronese"]
[Site "Casaleone ITA"]
[Date "2012.05.??"]
[Round "3"]
[White "Bozzi, Gianni"]
[Black "Brunelli, Flavio"]
[Result "1-0"]
[WhiteElo "2190"]
[BlackElo "1758"]
[PlyCount "57"]
[EventDate "2012.05.19"]

1. d4 d5 2. e3 e6 3. Bd3 c5 4. c3 Nf6 5. f4 c4 6. Bc2 Nc6 7. Nf3 Be7 8. O-O Qc7
9. Ne5 Bd7 10. Nd2 g6 11. Ndf3 Nh5 12. e4 f6 13. Nxd7 Qxd7 14. b3 cxb3 15. axb3
dxe4 16. Bxe4 f5 17. Bc2 O-O 18. g3 a6 19. Bb2 Rfe8 20. Re1 Bf6 21. Qe2 h6 22.
Rad1 Ng7 23. Rd2 g5 24. Ne5 Bxe5 25. dxe5 Qe7 26. Rd6 gxf4 27. gxf4 Qh4 28. Qf2
Re7 29. Qxh4 1-0

[Event "V Open Basso Veronese"]
[Site "Casaleone ITA"]
[Date "2012.05.??"]
[Round "3"]
[White "De Paoli, Emilio"]
[Black "Mulone, Gaspare"]
[Result "1-0"]
[WhiteElo "1860"]
[BlackElo "1595"]
[PlyCount "101"]
[EventDate "2012.05.19"]

1. e4 e6 2. d4 Be7 3. e5 Bg5 4. f4 Be7 5. Qg4 g6 6. h4 h5 7. Qh3 Nh6 8. Nf3 Nf5
9. Bd3 Nc6 10. Bxf5 exf5 11. c3 d6 12. Ng5 dxe5 13. fxe5 f4 14. Qh2 Bxg5 15.
hxg5 Qxg5 16. Bxf4 Qg4 17. O-O Be6 18. Nd2 h4 19. Ne4 O-O-O 20. Nf6 Qe2 21. Rf2
Qc4 22. Bg5 h3 23. g4 Rdf8 24. Rf3 Nxd4 25. cxd4 Qxd4+ 26. Be3 Qa4 27. Rxh3
Rxh3 28. Qxh3 Qb5 29. Bd4 Qe2 30. Qg2 Qxg2+ 31. Kxg2 b6 32. a3 c5 33. Be3 Rh8
34. Rh1 Rxh1 35. Kxh1 Kc7 36. Kg2 Kc6 37. Kg3 Kb5 38. Bd2 Kc4 39. Kf4 b5 40. b4
cxb4 41. axb4 Kd3 42. Be3 a6 43. Bc5 Kc4 44. Ne4 Kd5 45. Nd6 a5 46. Nxb5 axb4
47. Bxb4 Kc4 48. Nc7 Kxb4 49. Nxe6 fxe6 50. Kg5 Kc5 51. Kxg6 1-0

[Event "V Open Basso Veronese"]
[Site "Casaleone ITA"]
[Date "2012.05.??"]
[Round "3"]
[White "Faccia, Sergio"]
[Black "Bertani, Gianfranco"]
[Result "1-0"]
[WhiteElo "2024"]
[BlackElo "2097"]
[PlyCount "97"]
[EventDate "2012.05.19"]

1. e4 d6 2. d4 Nd7 3. Nc3 g6 4. f4 Bg7 5. Nf3 c5 6. d5 a6 7. a4 Qc7 8. Bc4 Ngf6
9. O-O O-O 10. Qe2 Nb6 11. e5 Ne8 12. h3 Bd7 13. Bd2 Nxc4 14. Qxc4 e6 15. Rae1
Rb8 16. Ng5 b5 17. axb5 axb5 18. Qe4 b4 19. dxe6 fxe6 20. Ne2 d5 21. Qe3 Qc6
22. Qg3 Nc7 23. h4 Rf5 24. h5 Be8 25. Qh4 h6 26. Nf3 Rxh5 27. Qf2 Rf5 28. Nh4
Rf8 29. Qe3 Kh7 30. Qh3 d4 31. Ng3 c4 32. Ne4 c3 33. bxc3 bxc3 34. Bc1 Ra8 35.
Nf6+ Bxf6 36. exf6 Rxf6 37. f5 gxf5 38. Bg5 hxg5 39. Nxf5+ Kg8 40. Ne7+ Kg7 41.
Nxc6 Rxf1+ 42. Rxf1 Bxc6 43. Qh5 Be8 44. Qxg5+ Bg6 45. Qe7+ Kh6 46. Qxc7 Bxc2
47. Qf4+ Kg7 48. Qf7+ Kh8 49. Rf6 1-0

[Event "V Open Basso Veronese"]
[Site "Casaleone ITA"]
[Date "2012.05.??"]
[Round "3"]
[White "Fiscato, Claudio"]
[Black "Sprea, Giuseppe"]
[Result "0-1"]
[WhiteElo "1810"]
[BlackElo "1955"]
[PlyCount "74"]
[EventDate "2012.05.19"]

1. c4 c5 2. Nc3 Nf6 3. g3 e6 4. Bg2 Be7 5. Nf3 d6 6. d3 Nc6 7. e3 O-O 8. O-O a6
9. b3 Rb8 10. a4 b6 11. Bb2 Bb7 12. d4 Nb4 13. Ba3 a5 14. Bxb4 axb4 15. Ne2 d5
16. Nd2 Qd6 17. dxc5 bxc5 18. Qc2 Rfd8 19. Rfd1 Qe5 20. Nf3 Qh5 21. Nf4 Qh6 22.
h3 g5 23. Ne2 g4 24. hxg4 Nxg4 25. cxd5 exd5 26. Nf4 c4 27. Nd4 cxb3 28. Qxb3
Qh2+ 29. Kf1 Ba6+ 30. Nb5 Bf6 31. Rac1 d4 32. exd4 Bxd4 33. Rd2 Bc3 34. Re2 Bd2
35. Rc7 Nh6 36. Nd5 Rxb5 37. axb5 Bxb5 0-1

[Event "V Open Basso Veronese"]
[Site "Casaleone ITA"]
[Date "2012.05.??"]
[Round "3"]
[White "Guerra, Alessandro"]
[Black "Pisani, Valerio"]
[Result "1-0"]
[WhiteElo "2159"]
[BlackElo "1681"]
[PlyCount "89"]
[EventDate "2012.05.19"]

1. d4 Nf6 2. Bg5 Ne4 3. Bf4 c5 4. d5 d6 5. f3 Nf6 6. e4 g6 7. Nc3 Bg7 8. Qd2 a6
9. a4 Qa5 10. Ra3 Nbd7 11. Nge2 Nh5 12. Bh6 Ne5 13. Bxg7 Nxg7 14. Nc1 O-O 15.
f4 Ng4 16. h3 Nf6 17. g4 Qc7 18. Bg2 Bd7 19. a5 e6 20. dxe6 Bxe6 21. O-O Bc4
22. Re1 Rfe8 23. b3 Bb5 24. g5 Nfh5 25. Nd5 Qd8 26. Nd3 Bc6 27. Nb6 Rb8 28. Kh2
Ne6 29. h4 Nd4 30. c3 Nb5 31. Raa1 h6 32. Nf2 Bd7 33. Bf3 hxg5 34. Bxh5 gxh5
35. hxg5 Kg7 36. Rg1 Bc6 37. Rae1 Qe7 38. Qd3 Rbd8 39. Nd5 Bxd5 40. exd5 Qc7
41. f5 Qxa5 42. f6+ Kh8 43. Qf3 Qxc3 44. Qxh5+ Kg8 45. Qh6 1-0

[Event "V Open Basso Veronese"]
[Site "Casaleone ITA"]
[Date "2012.05.??"]
[Round "3"]
[White "Jirillo, Antonio"]
[Black "Rizzati, Aldo"]
[Result "0-1"]
[WhiteElo "1664"]
[BlackElo "1931"]
[PlyCount "156"]
[EventDate "2012.05.19"]

1. d4 Nf6 2. Bf4 d5 3. e3 e6 4. Bd3 c5 5. c3 Nc6 6. Nf3 Bd6 7. dxc5 Bxc5 8.
Nbd2 e5 9. Bxe5 O-O 10. Qc2 h6 11. h3 Re8 12. Bxf6 Qxf6 13. O-O-O Bd7 14. Nb3
Bb6 15. a3 Rac8 16. Bh7+ Kh8 17. Bd3 Na5 18. Nxa5 Bxa5 19. Nd4 a6 20. Kb1 b5
21. b4 Bb6 22. g4 Bxd4 23. exd4 Rc7 24. Qd2 Rec8 25. Rc1 Qd6 26. f4 a5 27. Rhe1
axb4 28. cxb4 Rxc1+ 29. Rxc1 Ra8 30. Kb2 Qf6 31. Qf2 g6 32. Rc3 Kg7 33. f5 g5
34. Rc5 Qa6 35. Rc3 f6 36. h4 Qa7 37. hxg5 hxg5 38. Qg1 Rh8 39. Bc2 Qb8 40. Qg3
Qxg3 41. Rxg3 Rh2 42. Kc3 Kf7 43. Bb3 Bc6 44. Re3 Rg2 45. Re6 Bd7 46. Rd6 Ke7
47. Rxd5 Rxg4 48. Rc5 Rf4 49. Bc2 g4 50. Kd2 g3 51. Rc3 Rg4 52. Re3+ Kd6 53.
Re1 g2 54. Rg1 Rxd4+ 55. Ke3 Rg4 56. Be4 Ke5 57. Bxg2 Rg3+ 58. Kd2 Rxa3 59.
Re1+ Kxf5 60. Be4+ Kf4 61. Bd3 Ra6 62. Re4+ Kg5 63. Rd4 Be6 64. Bxb5 Rb6 65.
Bd3 f5 66. Ke3 Bf7 67. Kf2 f4 68. Be4 Ra6 69. Bf3 Ra2+ 70. Ke1 Rb2 71. Rd7 Bc4
72. Rb7 Kh4 73. Rh7+ Kg3 74. Bd1 Bd3 75. Rd7 Bf5 76. Rd4 f3 77. Bxf3 Kxf3 78.
Rd1 Bc2 0-1

[Event "V Open Basso Veronese"]
[Site "Casaleone ITA"]
[Date "2012.05.??"]
[Round "3"]
[White "Kurylovich, Alena"]
[Black "Negro, Raffaele"]
[Result "0-1"]
[WhiteElo "1491"]
[BlackElo "1845"]
[PlyCount "108"]
[EventDate "2012.05.19"]

1. d4 d5 2. c4 Nc6 3. Nf3 Bg4 4. e3 e5 5. Be2 e4 6. Nfd2 Bxe2 7. Qxe2 Nb4 8.
Kd1 c6 9. f3 f5 10. fxe4 dxe4 11. Rf1 Qd7 12. Qh5+ g6 13. Qh3 Nf6 14. Nc3 O-O-O
15. a3 Nd3 16. Ne2 Ng4 17. Kc2 Ngf2 18. Rxf2 Nxf2 19. Qg3 Nd3 20. c5 Be7 21.
Nc4 Bxc5 22. b4 Bd6 23. Nxd6+ Qxd6 24. Qxd6 Rxd6 25. g3 Kc7 26. Bd2 b6 27. Bc3
Rd5 28. Nf4 Nxf4 29. gxf4 a5 30. Kb3 Ra8 31. a4 axb4 32. Kxb4 c5+ 33. dxc5 Rxc5
34. Bd4 Rc2 35. h4 Rh2 36. Be5+ Kb7 37. Rc1 Rxh4 38. Kb5 Ra5+ 39. Kb4 Rc5 40.
Rxc5 bxc5+ 41. Kxc5 Ka6 42. Kd6 Ka5 43. Ke6 Kxa4 44. Kf6 Rg4 45. Kg7 h5 46. Bf6
Kb5 47. Bg5 h4 48. Bxh4 Rxh4 49. Kxg6 Rh3 50. Kxf5 Rxe3 51. Ke6 Rf3 52. Ke5 e3
53. Ke4 Rxf4+ 54. Kxe3 Rh4 0-1

[Event "V Open Basso Veronese"]
[Site "Casaleone ITA"]
[Date "2012.05.??"]
[Round "3"]
[White "Leone, Cataldo"]
[Black "Marangoni, Simone"]
[Result "0-1"]
[WhiteElo "1592"]
[BlackElo "1859"]
[PlyCount "196"]
[EventDate "2012.05.19"]

1. e4 g6 2. d4 Bg7 3. Nf3 c5 4. Bc4 e6 5. c3 cxd4 6. cxd4 Ne7 7. Nc3 a6 8. Bg5
h6 9. Be3 O-O 10. O-O b5 11. Bd3 Bb7 12. Qd2 Kh7 13. Rac1 Nbc6 14. h4 f5 15. e5
Nb4 16. Be2 Ned5 17. Nxd5 Nxd5 18. g3 Bc6 19. a3 Rf7 20. Kh2 Qf8 21. Bf4 Qe7
22. Rg1 Rb8 23. b4 Ra8 24. Ne1 Nxf4 25. Qxf4 h5 26. Nf3 Bxf3 27. Qxf3 Raf8 28.
Rc7 f4 29. g4 Qxh4+ 30. Qh3 Qxh3+ 31. Kxh3 g5 32. gxh5 Kh6 33. Bg4 Re7 34. Rgc1
f3 35. Ra7 Rf4 36. Rd1 Ref7 37. Kg3 Rxd4 38. Rxd4 Bxe5+ 39. Kh3 Bxd4 40. Bxe6
Bxa7 41. Bxf7 Bxf2 42. Kg4 Bd4 43. Kxf3 Bb2 44. Kg4 Bxa3 45. Be8 d5 46. Bc6 d4
47. Be4 Bxb4 48. Bd3 Bd6 49. Be2 Be7 50. Bd3 Bd8 51. Be2 Kg7 52. Kf5 Kh6 53.
Kg4 Kg7 54. Kf5 Kf7 55. Bd3 Kg7 56. Be2 Kh6 57. Kg4 Be7 58. Bd3 Ba3 59. Be2 Bc1
60. Bd3 Bf4 61. Be2 Kg7 62. Kf5 Be3 63. Bd3 b4 64. Bxa6 b3 65. Bd3 b2 66. Bb1
Kh6 67. Kg4 Bc1 68. Bd3 Bf4 69. Bg6 Be3 70. Bd3 Bf4 71. Bg6 Be3 72. Bd3 Kg7 73.
Kf5 Kf7 74. Bc4+ Kf8 75. Bd3 Kg7 76. Bb1 Bd2 77. Bd3 Kh6 78. Kg4 Bb4 79. Bb1
Be7 80. Bd3 Kg7 81. Kf5 Bf6 82. Bb1 Kf7 83. Ba2+ Ke7 84. Bb1 Bh8 85. Kxg5 Kd6
86. Kf5 Kc5 87. Ke4 Kc4 88. Bd3+ Kc3 89. Bb1 Kd2 90. Ba2 Kc1 91. Kd3 b1=Q+ 92.
Bxb1 Kxb1 93. Kd2 Kb2 94. Kd3 Kb3 95. Kd2 Kc4 96. h6 Kd5 97. Kd3 Ke6 98. Ke4
Kf7 0-1

[Event "V Open Basso Veronese"]
[Site "Casaleone ITA"]
[Date "2012.05.??"]
[Round "3"]
[White "Magnabosco, Mauro Denis"]
[Black "Barbetta, Cosimo"]
[Result "1-0"]
[WhiteElo "1768"]
[BlackElo "1640"]
[PlyCount "81"]
[EventDate "2012.05.19"]

1. c4 e5 2. g3 Nf6 3. Bg2 c6 4. d4 exd4 5. Qxd4 c5 6. Qd1 Qb6 7. Nc3 Nc6 8. Nf3
Be7 9. O-O O-O 10. e3 d6 11. a3 Bg4 12. h3 Be6 13. Nd5 Bxd5 14. cxd5 Na5 15.
Nd2 Qc7 16. Nb3 b5 17. Nxa5 Qxa5 18. Bd2 Qc7 19. b4 c4 20. Bc3 h6 21. Qc2 Qc8
22. e4 Nh7 23. Kh2 Bf6 24. f4 Bxc3 25. Qxc3 Rb8 26. Rfe1 Re8 27. e5 Qd7 28. h4
f5 29. Re3 Re7 30. Rae1 Rbe8 31. h5 dxe5 32. fxe5 Ng5 33. Qc2 Rf8 34. d6 Ree8
35. Qd1 f4 36. gxf4 Rxf4 37. e6 Nxe6 38. Rxe6 Rxe6 39. Rxe6 Qf7 40. d7 Rh4+ 41.
Kg1 1-0

[Event "V Open Basso Veronese"]
[Site "Casaleone ITA"]
[Date "2012.05.??"]
[Round "3"]
[White "Negro, Roberto"]
[Black "Molina, Fabrizio"]
[Result "1-0"]
[WhiteElo "2087"]
[BlackElo "2269"]
[PlyCount "109"]
[EventDate "2012.05.19"]

1. d4 d6 2. c4 e5 3. Nf3 e4 4. Ng5 f5 5. Nh3 Nf6 6. Nc3 c6 7. Bg5 h6 8. Bd2 g5
9. e3 Bg7 10. f4 g4 11. Nf2 h5 12. g3 h4 13. gxh4 Nh5 14. Qe2 Be6 15. O-O-O Na6
16. Be1 Qe7 17. d5 Bd7 18. Rg1 Nc5 19. Qd2 a5 20. Kb1 Rh6 21. h3 Rg6 22. hxg4
fxg4 23. Nh3 Bf5 24. Ng5 Nxf4 25. Qf2 Be5 26. Ka1 a4 27. a3 g3 28. Rxg3 Nh5 29.
Qxf5 Rf6 30. Qg4 Nxg3 31. Bxg3 Bxg3 32. Qxg3 O-O-O 33. Bh3+ Kb8 34. Ne6 Rf3 35.
Qg4 Nxe6 36. dxe6 Rxe3 37. Nxe4 Rf8 38. Nxd6 Rff3 39. Qg8+ Rf8 40. Qg4 Rff3 41.
c5 Rg3 42. Qh5 Rxa3+ 43. Kb1 Raf3 44. Bf5 Qg7 45. Qf7 a3 46. Qxg7 Rxg7 47. Re1
Re7 48. bxa3 Kc7 49. h5 Rf4 50. Re5 Rh4 51. Bg6 b6 52. Nf5 Rh1+ 53. Kb2 bxc5
54. Nxe7 Kd6 55. Nxc6 1-0

[Event "V Open Basso Veronese"]
[Site "Casaleone ITA"]
[Date "2012.05.??"]
[Round "3"]
[White "Scagliarini, Gennaro"]
[Black "Bonini, Roberto"]
[Result "0-1"]
[WhiteElo "1726"]
[BlackElo "1877"]
[PlyCount "27"]
[EventDate "2012.05.19"]

1. d4 Nf6 2. c4 g6 3. g3 Bg7 4. Bg2 d6 5. Nc3 a5 6. a4 Nc6 7. Nf3 O-O 8. O-O e6
9. Bg5 h6 10. Bf4 Nh5 11. Be3 f5 12. Qd2 g5 13. Ne1 f4 14. gxf4 0-1

[Event "V Open Basso Veronese"]
[Site "Casaleone ITA"]
[Date "2012.05.??"]
[Round "3"]
[White "Tissino, Tiziano"]
[Black "Rosina, Graziano"]
[Result "1/2-1/2"]
[WhiteElo "1779"]
[BlackElo "1829"]
[PlyCount "78"]
[EventDate "2012.05.19"]

1. e4 e5 2. Nf3 Nf6 3. Nxe5 d6 4. Nf3 Nxe4 5. Nc3 Nf6 6. d4 Be7 7. Bd3 Nc6 8.
O-O O-O 9. h3 Nb4 10. a3 Nxd3 11. Qxd3 c6 12. Bf4 Be6 13. Ng5 Qd7 14. Nxe6 Qxe6
15. Rfe1 Qd7 16. Re3 Rae8 17. Rae1 Bd8 18. Ne4 Nd5 19. Ng5 Bxg5 20. Rxe8 Rxe8
21. Rxe8+ Qxe8 22. Bxg5 Qe1+ 23. Qf1 Qe4 24. Qd1 h6 25. Bc1 Nf4 26. Bxf4 Qxf4
27. c4 b6 28. b3 g6 29. a4 a5 30. Kf1 Kf8 31. Qd3 d5 32. Qe3 Qxe3 33. fxe3 dxc4
34. bxc4 f5 35. Ke2 Ke7 36. g3 Kd6 37. Kd3 Ke6 38. e4 fxe4+ 39. Kxe4 Kd6
1/2-1/2

[Event "V Open Basso Veronese"]
[Site "Casaleone ITA"]
[Date "2012.05.??"]
[Round "3"]
[White "Zonta, Riccardo"]
[Black "Solinas, Roberto"]
[Result "1/2-1/2"]
[WhiteElo "1654"]
[BlackElo "1718"]
[PlyCount "77"]
[EventDate "2012.05.19"]

1. e4 g6 2. d4 Bg7 3. c4 d6 4. Nf3 c6 5. Be2 Nd7 6. Nc3 Qc7 7. Be3 e5 8. dxe5
Nxe5 9. Nxe5 dxe5 10. O-O Be6 11. Qc2 O-O-O 12. Rfd1 Ne7 13. Qb3 b6 14. Qc2 f5
15. f3 f4 16. Bf2 g5 17. b4 Rxd1+ 18. Rxd1 Rd8 19. Rxd8+ Kxd8 20. a4 Nc8 21. c5
Ke8 22. Nb1 Bf6 23. Na3 h5 24. Bc4 Qd7 25. Bxe6 Qxe6 26. cxb6 axb6 27. Qc4 Qxc4
28. Nxc4 b5 29. axb5 cxb5 30. Nb6 Nxb6 31. Bxb6 g4 32. Kf2 Kd7 33. Ke2 Be7 34.
Ba5 Bd6 35. h3 gxf3+ 36. gxf3 Kc6 37. Kd3 Bc7 38. Bxc7 Kxc7 39. h4 1/2-1/2

[Event "V Open Basso Veronese"]
[Site "Casaleone ITA"]
[Date "2012.05.??"]
[Round "4"]
[White "Barbetta, Cosimo"]
[Black "Zonta, Riccardo"]
[Result "1-0"]
[WhiteElo "1640"]
[BlackElo "1654"]
[PlyCount "53"]
[EventDate "2012.05.19"]

1. e4 d5 2. exd5 Qxd5 3. Nc3 Qd6 4. Nf3 Nf6 5. Be2 Bf5 6. d3 e6 7. Be3 a6 8.
Bd4 Nbd7 9. O-O Be7 10. Be3 h6 11. Qc1 O-O-O 12. Na4 Qc6 13. Nc3 Bh7 14. Nd4
Qd6 15. Bf3 Nb6 16. Nde2 Nbd5 17. Bd2 g5 18. Ng3 Qd7 19. a3 Bd6 20. b4 g4 21.
Bxd5 Nxd5 22. Nxd5 exd5 23. Qb2 Bg6 24. Be3 h5 25. Qd4 b6 26. Qxd5 h4 27. Qa8#
1-0

[Event "V Open Basso Veronese"]
[Site "Casaleone ITA"]
[Date "2012.05.??"]
[Round "4"]
[White "Bertani, Gianfranco"]
[Black "Marangoni, Simone"]
[Result "1-0"]
[WhiteElo "2097"]
[BlackElo "1859"]
[PlyCount "81"]
[EventDate "2012.05.19"]

1. d4 g6 2. Bf4 Bg7 3. Nc3 d6 4. Qd2 Nc6 5. d5 Ne5 6. e4 a6 7. Be3 c5 8. h3 b5
9. f4 b4 10. Nd1 Nd7 11. Nf3 Ngf6 12. Nf2 Nh5 13. O-O-O Ng3 14. Rg1 Nb6 15. Qe1
Na4 16. e5 Nxf1 17. Rxf1 a5 18. Ne4 Bf5 19. Bg1 O-O 20. g4 Bxe4 21. Qxe4 Qc7
22. c4 bxc3 23. Qxa4 cxb2+ 24. Kb1 Rfb8 25. Qc6 Qd8 26. e6 fxe6 27. dxe6 Rc8
28. Qe4 Rab8 29. f5 Rb4 30. Qc2 gxf5 31. Qxf5 Qf8 32. Qc2 Qf6 33. Nd4 Qg6 34.
Nf5 Bf6 35. Be3 Kh8 36. g5 Be5 37. Nxe7 Qxc2+ 38. Kxc2 Rcb8 39. Kb1 c4 40. Nc6
R4b7 41. e7 1-0

[Event "V Open Basso Veronese"]
[Site "Casaleone ITA"]
[Date "2012.05.??"]
[Round "4"]
[White "Bonini, Roberto"]
[Black "Guerra, Alessandro"]
[Result "0-1"]
[WhiteElo "1877"]
[BlackElo "2159"]
[PlyCount "86"]
[EventDate "2012.05.19"]

1. e4 e5 2. Nf3 Nc6 3. Bb5 Nf6 4. O-O Nxe4 5. d4 Nd6 6. Ba4 e4 7. Re1 Be7 8. d5
exf3 9. dxc6 dxc6 10. Qxf3 Be6 11. c3 O-O 12. Nd2 Bg5 13. Bc2 Qf6 14. Ne4 Qxf3
15. gxf3 Bxc1 16. Raxc1 Rad8 17. Nc5 Bd5 18. Kg2 Rfe8 19. b3 b6 20. Na6 Rd7 21.
Rxe8+ Nxe8 22. Re1 Kf8 23. Nb8 Rd8 24. Na6 c5 25. Rd1 Ke7 26. Re1+ Be6 27. Be4
Rd2 28. a4 Kd6 29. c4 Nf6 30. Bb7 Nh5 31. Nb8 Nf4+ 32. Kg3 Ne2+ 33. Kg2 Nd4 34.
Re3 Rb2 35. Rd3 Rxb3 36. Rxb3 Nxb3 37. Nc6 a5 38. Nd8 Bxc4 39. Be4 Nd2 40. Nb7+
Ke7 41. Bc6 Ba6 42. Kg3 c4 43. Kf4 c3 0-1

[Event "V Open Basso Veronese"]
[Site "Casaleone ITA"]
[Date "2012.05.??"]
[Round "4"]
[White "Brunelli, Flavio"]
[Black "Kurylovich, Alena"]
[Result "1-0"]
[WhiteElo "1758"]
[BlackElo "1491"]
[PlyCount "101"]
[EventDate "2012.05.19"]

1. e4 c6 2. d4 d5 3. f3 e5 4. exd5 Qxd5 5. Be3 exd4 6. Qxd4 Be6 7. Qxd5 Bxd5 8.
Bd3 Bd6 9. Bd4 f6 10. Nc3 Ne7 11. O-O-O Kd8 12. Nxd5 Nxd5 13. Ne2 Nd7 14. Bf5
Kc7 15. Bxd7 Kxd7 16. c4 Nf4 17. Nxf4 Bxf4+ 18. Be3+ Bd6 19. c5 Rhe8 20. Rhe1
Re6 21. cxd6 Rae8 22. Bf2 b6 23. Rxe6 Rxe6 24. Re1 Kxd6 25. Rxe6+ Kxe6 26. a4
Kd5 27. a5 c5 28. axb6 axb6 29. Kc2 b5 30. g4 g6 31. Bh4 f5 32. g5 Kd4 33. Bf2+
Kc4 34. b3+ Kd5 35. Kd3 c4+ 36. bxc4+ bxc4+ 37. Kc3 Ke5 38. Bg3+ Kd5 39. Bf4
Kc5 40. Be3+ Kd5 41. h3 Ke5 42. Kxc4 f4 43. Bf2 Kf5 44. h4 Ke5 45. Bd4+ Ke6 46.
Bf6 h6 47. Bd8 hxg5 48. Bxg5 Ke5 49. Kc5 Kf5 50. Kd4 Ke6 51. Ke4 1-0

[Event "V Open Basso Veronese"]
[Site "Casaleone ITA"]
[Date "2012.05.??"]
[Round "4"]
[White "Fiscato, Claudio"]
[Black "Scagliarini, Gennaro"]
[Result "1/2-1/2"]
[WhiteElo "1810"]
[BlackElo "1726"]
[PlyCount "115"]
[EventDate "2012.05.19"]

1. d4 g6 2. c4 Bg7 3. Nc3 d6 4. g3 Nf6 5. Bg2 c6 6. Nf3 d5 7. cxd5 cxd5 8. O-O
O-O 9. Bf4 e6 10. Rc1 Nc6 11. Qd2 Qb6 12. b3 Ne7 13. Na4 Qd8 14. Ne5 b6 15. Qd3
Bb7 16. Rc2 Rc8 17. Rfc1 Rxc2 18. Rxc2 Nh5 19. Bd2 Bxe5 20. dxe5 Qd7 21. g4 Ng7
22. Bb4 Rc8 23. Rxc8+ Bxc8 24. Ba3 Nc6 25. f4 Bb7 26. Nc3 Qc8 27. h3 Ba6 28.
Qd2 b5 29. Bb2 Qf8 30. Nd1 Bb7 31. e3 Qd8 32. b4 a5 33. a3 axb4 34. axb4 Qb6
35. Bd4 Nxd4 36. Qxd4 Qxd4 37. exd4 h5 38. Kf2 hxg4 39. hxg4 Ne8 40. Nc3 Bc6
41. Bf1 Nc7 42. Bd3 Kg7 43. Kg3 Kh6 44. Kh4 Kg7 45. Kg5 Kf8 46. f5 exf5 47.
gxf5 gxf5 48. Kxf5 Ke7 49. Be2 Ne6 50. Bf1 Nxd4+ 51. Kf4 Ne6+ 52. Kg3 Nc7 53.
Kf4 d4 54. Nd1 Ke6 55. Bh3+ Ke7 56. Nb2 Bd5 57. Bf1 Ne6+ 58. Kf5 1/2-1/2

[Event "V Open Basso Veronese"]
[Site "Casaleone ITA"]
[Date "2012.05.??"]
[Round "4"]
[White "Jirillo, Antonio"]
[Black "Zanchetta, Nicola"]
[Result "0-1"]
[WhiteElo "1664"]
[BlackElo "1887"]
[PlyCount "40"]
[EventDate "2012.05.19"]

1. d4 Nf6 2. Bf4 d6 3. e3 c6 4. Nf3 Bg4 5. Be2 Nbd7 6. h3 Bxf3 7. Bxf3 e5 8.
dxe5 dxe5 9. Bh2 Qb6 10. Qc1 O-O-O 11. O-O g5 12. a4 h5 13. Nd2 g4 14. hxg4
hxg4 15. Be2 Bc5 16. Nc4 Qc7 17. Rb1 Rh6 18. f4 Rdh8 19. Bg3 Ne4 20. Bh4 Rxh4
0-1

[Event "V Open Basso Veronese"]
[Site "Casaleone ITA"]
[Date "2012.05.??"]
[Round "4"]
[White "Leone, Cataldo"]
[Black "Adami, Alessandro"]
[Result "0-1"]
[WhiteElo "1592"]
[BlackElo "1741"]
[PlyCount "72"]
[EventDate "2012.05.19"]

1. e4 c5 2. Nf3 d6 3. d4 cxd4 4. Nxd4 Nf6 5. Nc3 a6 6. Be2 e5 7. Nf3 Be7 8. Bg5
Be6 9. Qd2 Nbd7 10. O-O b5 11. a3 h6 12. Be3 Nb6 13. b3 Qc7 14. Rfc1 Rc8 15. h3
Qxc3 16. Bxb6 Nxe4 17. Qxc3 Nxc3 18. Bf1 O-O 19. Ba5 Rc6 20. Bxc3 Rxc3 21. a4
Rfc8 22. Bd3 Bxb3 23. axb5 axb5 24. Ra7 Rxd3 25. Rxe7 Bxc2 26. Kh2 Rd1 27. Rxd1
Bxd1 28. Rd7 Bxf3 29. gxf3 Rc6 30. Kg2 Rb6 31. Kf1 b4 32. Rc7 b3 33. Rc1 b2 34.
Rb1 d5 35. Ke2 Kf8 36. Kd3 Ke7 0-1

[Event "V Open Basso Veronese"]
[Site "Casaleone ITA"]
[Date "2012.05.??"]
[Round "4"]
[White "Molina, Fabrizio"]
[Black "De Paoli, Emilio"]
[Result "1-0"]
[WhiteElo "2269"]
[BlackElo "1860"]
[PlyCount "55"]
[EventDate "2012.05.19"]

1. d4 Nf6 2. c4 g6 3. f3 Bg7 4. e4 d6 5. Ne2 c5 6. Be3 cxd4 7. Nxd4 Nc6 8. Nc3
O-O 9. Be2 Nd7 10. Nd5 e6 11. Nc3 Nxd4 12. Bxd4 e5 13. Be3 Nc5 14. Qd2 f5 15.
O-O-O Be6 16. Qxd6 fxe4 17. Bxc5 Bh6+ 18. Kb1 Qxd6 19. Rxd6 exf3 20. Rxe6 fxe2
21. Bxf8 Rxf8 22. Nxe2 Rf2 23. Rxe5 Rxg2 24. Rf1 Rxh2 25. Nd4 g5 26. Ne6 Bg7
27. Rxg5 Rxb2+ 28. Ka1 1-0

[Event "V Open Basso Veronese"]
[Site "Casaleone ITA"]
[Date "2012.05.??"]
[Round "4"]
[White "Mulone, Gaspare"]
[Black "Magnabosco, Mauro Denis"]
[Result "0-1"]
[WhiteElo "1595"]
[BlackElo "1768"]
[PlyCount "43"]
[EventDate "2012.05.19"]

1. e4 c5 2. Nf3 e6 3. d4 cxd4 4. Nxd4 a6 5. Be3 Qc7 6. Be2 b5 7. O-O Bb7 8. f3
Nf6 9. a3 Be7 10. b4 O-O 11. c3 d5 12. exd5 Bxd5 13. Qc2 Nbd7 14. Nd2 Nb6 15.
Rfc1 Rfc8 16. Bf2 Ne8 17. Nf1 Bf6 18. Bg3 Bxd4+ 19. Kh1 Be5 20. Bxe5 Qxe5 21.
Qd3 Bc4 22. Qd4 0-1